| 000 | 01291nam a22003737a 4500 | ||
|---|---|---|---|
| 001 | 0025698 | ||
| 003 | KOHA_MİRAKIL | ||
| 005 | 20260207002508.0 | ||
| 007 | ta | ||
| 008 | 101112b2009 tu |||gr||||#||||0|tur | | ||
| 020 |
_a9756403497 _c9,3800000000000008 |
||
| 040 |
_aTR-BiSEU _btur _cTR-BiSEU _erda |
||
| 041 | 0 | _atur | |
| 044 | _ctu | ||
| 050 |
_aBF192 _b.S65 2009 |
||
| 100 | 1 | _aSolso, Robert L.. | |
| 240 | 1 | 0 | _lTürkçe |
| 245 | 1 |
_aPsikolojide deneysel yönteme giriş : _bvaka yaklaşımı =An introduction to experimental design in psychology : _ba case approach/ _cRobert L. Solso ; Robert L. Solso, Homer H. Johnson; çeviren Ayşe Ayçiçeği. |
|
| 264 | 1 |
_aİstanbul : _bKitabevi _c2009 |
|
| 300 | _aXIV, 363 sayfa | ||
| 336 |
_ametin _btxt _2rdacontent |
||
| 337 |
_aaracısız _bn _2rdamedia |
||
| 338 |
_acilt _bnc _2rdacarrier |
||
| 490 | 1 |
_aKitabevi ; _v250. |
|
| 490 | 1 |
_aPsikoloji ; _v1 |
|
| 500 | _aKaynakça ve dizin var. | ||
| 500 | _aÖzgün adı:An introduction to experimental design in psychology : a case approach. | ||
| 650 | 0 |
_aDeney planlaması. _940580 |
|
| 650 | 0 |
_aDeneysel psikoloji. _915562 |
|
| 650 | 0 |
_aPsikoloji--Örnek olaylar. _951566 |
|
| 830 | 1 |
_aKitabevi ; _v250. _98052 |
|
| 830 | 1 |
_aPsikoloji ; _v1 _951567 |
|
| 942 |
_2lcc _cBK |
||
| 999 |
_c25645 _d25645 |
||